00952nam a2200205 a 450000100100000000500170001000800410002702000180006804000250008604100130011108200110012410000330013524502400016826000480040830000390045650000700049556300630056570000340062874000840066200004862420220602123848.0190403s2015 000 spa d a9789945481662 aDO-SdBNPbspacBNPHU17aspaheng axxbxx1 aÁlvarez Guerrero, Gabriela10aEntre los 15 y los 16 :bvisión de una adolescente sobre el maltrato y otros temas fundamentales=bBetween fifteen and sixteen : teenager is view on child abuse an other issues /cGabriela Álvarez Guerrero ; editor Miguel Guerrero. aSanto Domingo :bEditora Centenario,c2015. axxi , 138, xxi, 134 p. ; :b24 cm. aIncluye datos biográficos del autor en la solapa de la cubierta aDos obras encuadernadas juntas con paginación invertidas aGuerrero, Miguel,d1945-eed.0 aBetween fifteen and sixteen : teenager is view on child abuse an other issues /